[Event "Moscow"]
[Site "Moscow"]
[Date "1994.??.??"]
[Round "14"]
[White "Naumkin, Igor"]
[Black "Petkevich, Jusefs"]
[Result "1/2-1/2"]
[WhiteElo "2455"]
[BlackElo "2445"]

1.d4 Nf6 2.c4 g6 3.Nc3 Bg7 4.e4 d6 5.Be2 O-O 6.Nf3 e5 7.dxe5 dxe5 8.Qxd8 Rxd8
9.Bg5 Na6 10.Nd5 Rd6 11.Nxf6+ Bxf6 12.Bxf6 Rxf6 13.Nxe5 Re6 14.Ng4 h5 15.Ne3 Rxe4
16.O-O-O Re8 17.Bf3 c6 18.Rhe1 Nc5 19.b3 a5  1/2-1/2

[Event "Muenster op"]
[Site "Muenster"]
[Date "1994.??.??"]
[Round "3"]
[White "Ruzele, Darius"]
[Black "Eilers, Stefan"]
[Result "1-0"]
[WhiteElo "2495"]
[BlackElo "2265"]

1.d4 Nf6 2.c4 g6 3.Nc3 Bg7 4.e4 d6 5.Be2 O-O 6.Nf3 e5 7.O-O exd4 8.Nxd4 Re8
9.f3 c6 10.Kh1 Na6 11.Bg5 Qa5 12.Bh4 Be6 13.Rb1 Qb6 14.Bf2 Qc7 15.Qd2 Qe7
16.Rbd1 Red8 17.Bh4 Bc8 18.Nb3 Rd7 19.Qe1 Nc5 20.Nxc5 dxc5 21.f4 Rxd1 22.Qxd1 Qf8
23.e5 Nd7 24.Ne4 h6 25.Nd6 Nb6 26.a4 Be6 27.a5 Nd7 28.Nxb7 a6 29.Bg4 Bxc4
30.Bxd7 Ra7 31.Bxc6 Qc8 32.Nd6  1-0

[Event "Muenster op"]
[Site "Muenster"]
[Date "1994.??.??"]
[Round "4"]
[White "Seegers, Hendrik"]
[Black "Krakops, Maris"]
[Result "0-1"]
[WhiteElo "2285"]
[BlackElo "2375"]

1.d4 Nf6 2.Nf3 g6 3.c4 Bg7 4.Nc3 d6 5.e4 O-O 6.Be2 e5 7.dxe5 dxe5 8.Bg5 Nbd7
9.Qd2 c6 10.O-O Qc7 11.h3 Nc5 12.Qc2 Nh5 13.Be3 Ne6 14.Rfd1 f5 15.exf5 gxf5
16.Nh4 Nhf4 17.Nxf5 Rxf5 18.Qxf5 Nd4 19.Qg5 h6 20.Qh4 Ndxe2+ 21.Nxe2 Nxe2+
22.Kh1 Nd4 23.Bxh6 Bf5 24.Rac1 Bxh6 25.Qxh6 Qg7 26.Qh4 Kf7 27.Rc3 Rh8 28.Qg3 Qxg3
29.Rxg3 c5 30.Re3 Kf6 31.Kh2 Rh4 32.f3 Nc2 33.Rc3 Rd4 34.Rg1 Rd2 35.Kh1 Nd4
36.g4 Bd3 37.Rg2 Rd1+ 38.Kh2 Nxf3+ 39.Kg3 Nd4 40.Rf2+ Kg6 41.Ra3 e4 42.Kf4 Re1
43.h4 e3 44.h5+ Kh7 45.Rf3 e2 46.Re3 Rf1+ 47.Kg3 Rf3+ 48.Rxf3 e1=Q+ 49.Rf2 Qe3+
50.Kg2 Be4+ 51.Kg1 Qe1+  0-1

[Event "New York op"]
[Site "New York"]
[Date "1994.??.??"]
[Round "4"]
[White "Orlov, Georgi"]
[Black "Marquez, Raul"]
[Result "1-0"]
[WhiteElo "2515"]
[BlackElo "2260"]

1.d4 Nf6 2.Nf3 g6 3.c4 Bg7 4.Nc3 d6 5.e4 O-O 6.Be2 e5 7.dxe5 dxe5 8.Qxd8 Rxd8
9.Bg5 Nbd7 10.O-O-O Rf8 11.Nd2 Nc5 12.Be3 Ne6 13.Nb3 c6 14.f3 Re8 15.Rd2 h5
16.Rhd1 Kh7 17.c5 Bh6 18.Bxh6 Kxh6 19.Rd6 Kg7 20.Bc4 h4 21.R1d2 Re7 22.Bxe6 Bxe6
23.Na5 Nh5 24.Kd1 Nf4 25.Ke1 Rh8 26.Kf2 Rc7 27.b4 Rhc8 28.Na4 Kf8 29.g3 hxg3+
30.hxg3 Nh5 31.Rd8+ Ke7 32.Rxc8 Bxc8 33.Nc4 f6 34.Nd6 Be6 35.Nc3 Kf8 36.Rd1 Re7
37.Rh1 Kg8 38.a4 Ng7 39.a5 Ne8 40.Rd1 Kf8 41.a6 bxa6 42.Nxe8 Kxe8 43.Rd6 Bd7
44.Rxf6 Rg7 45.f4 g5 46.f5 Ke7 47.Rh6 Rg8 48.Rh7+ Kd8 49.Nd1 a5 50.bxa5 Kc7
51.Ne3  1-0

[Event "New York Marshall/Enhance"]
[Site "New York"]
[Date "1994.??.??"]
[Round "4"]
[White "Klovsky, Rafail"]
[Black "Zlotnikov, Mikhail"]
[Result "1-0"]
[WhiteElo "2370"]
[BlackElo "2390"]

1.d4 g6 2.e4 Bg7 3.c4 d6 4.Nc3 Nd7 5.Nf3 e5 6.Be2 Ngf6 7.O-O O-O 8.Re1 c6
9.Bf1 a5 10.dxe5 dxe5 11.Na4 Qe7 12.h3 Re8 13.Qc2 b6 14.Be3 Rb8 15.Rad1 Bf8
16.a3 Nh5 17.Rxd7 Bxd7 18.Nxb6 f6 19.Nxd7 Qxd7 20.c5 Red8 21.Nd2 Nf4 22.Nc4 Ne6
23.Nxa5 Kg7 24.b4 Ra8 25.Nc4 Nd4 26.Bxd4 Qxd4 27.Be2 Rxa3 28.Nxa3 Qxb4 29.Qc1 Bxc5
30.Nc4 Rd4 31.Bf1 Rd7 32.Rd1 Bd4 33.Qc2 Qc5 34.Rb1 Ra7 35.Qe2 Qe7 36.Rc1 Qb4
37.Ne3 Qb6 38.Nc4 Qb4 39.Qc2 Rb7 40.Nd2 Rc7 41.Rb1 Qd6 42.Nf3 Ra7 43.Rd1 Qe7
44.Qc4 Bb6 45.Bd3  1-0

[Event "New York MCC"]
[Site "New York"]
[Date "1994.??.??"]
[Round "4"]
[White "Sokolin, Leonid M"]
[Black "Fedorowicz, John P"]
[Result "1-0"]
[WhiteElo "2450"]
[BlackElo "2520"]

1.Nf3 Nf6 2.c4 g6 3.Nc3 Bg7 4.d4 O-O 5.e4 d6 6.Be2 e5 7.Be3 Ng4 8.Bg5 f6
9.Bc1 Nc6 10.O-O Nh6 11.c5 dxc5 12.dxc5 Be6 13.Qa4 Kh8 14.Rd1 Qc8 15.b4 a6
16.Bb2 Nf7 17.a3 f5 18.Qc2 f4 19.Nd5 g5 20.h3 g4 21.hxg4 Bxg4 22.Rd3 Bxf3
23.Bxf3 Ng5 24.Rad1 Nxf3+ 25.Rxf3 Rf7 26.Qc4 Qe8 27.Ne3 Ne7 28.Nf5 Nxf5 29.exf5 Rxf5
30.Rfd3 Bf6 31.Rd7 Qg6 32.Qf7 Rg5 33.Qxg6 Rxg6 34.Rf7 Kg8 35.Rxc7 f3 36.g3 Rg7
37.Rxg7+ Kxg7 38.Rd7+ Kg6 39.a4 Rd8 40.Rxd8 Bxd8 41.Bxe5 Kf5 42.Bf4 Ke6 43.b5 axb5
44.axb5 Kd5 45.Be3  1-0

[Event "New York Murphy-ACF"]
[Site "New York"]
[Date "1994.??.??"]
[Round "7"]
[White "Fedorowicz, John P"]
[Black "Rogers, Norman"]
[Result "0-1"]
[WhiteElo "2520"]
[BlackElo "2290"]

1.d4 Nf6 2.c4 g6 3.Nc3 Bg7 4.e4 d6 5.Nf3 O-O 6.Be2 Nbd7 7.O-O e5 8.Qc2 c6
9.Rd1 exd4 10.Nxd4 Re8 11.f3 Qe7 12.Bg5 Nc5 13.Qd2 Nfxe4 14.fxe4 Bxd4+ 15.Qxd4 Qxg5
16.b4 Ne6 17.Qd2 Nf4 18.Bf3 Bg4 19.Bxg4 Qxg4 20.Rf1 Ne6 21.Kh1 a5 22.bxa5 Rad8
23.Qf2 Rd7 24.Rad1 Ng5 25.a6 bxa6 26.Qb6 Nxe4 27.Nxe4 Rxe4 28.Qb8+ Kg7 29.Qb2+ Kg8
30.Qb8+ Kg7 31.Qb2+ Kh6 32.Rf3 Re5 33.c5 Qe6 34.Qc3 f6 35.Rfd3 Re7 36.Rg1 Rxc5
37.Qd2+ Kg7 38.Rxd6 Qe3 39.Qb2 Qe5 40.Qd2 Rd5 41.Rxd5 Qxd5 42.Qc2 c5 43.Qa4 Re2
44.a3 Qe6 45.Qa5 Qc6 46.h3  0-1

[Event "New York op"]
[Site "New York"]
[Date "1994.??.??"]
[Round "9"]
[White "Yermolinsky, Alex"]
[Black "Shaked, Tal"]
[Result "1/2-1/2"]
[WhiteElo "2620"]
[BlackElo "2370"]

1.Nf3 Nf6 2.c4 g6 3.Nc3 Bg7 4.d4 O-O 5.e4 d6 6.Be2 e5 7.Be3 h6 8.d5 Ng4 9.Bd2 f5
10.g3 fxe4 11.Nxe4 Nf6 12.Nxf6+ Qxf6 13.Be3 Bh3 14.Nd2 Nd7 15.Bg4 Bxg4 16.Qxg4 Qf5
17.Qxf5 gxf5 18.f3 c6 19.O-O-O cxd5 20.cxd5 Rfc8+ 21.Kb1 Nf6 22.Rhe1 Kf7
23.Nf1 Rc4 24.Bf2 Rb4 25.Ne3 Kg6 26.Re2 f4 27.Ng2 Re8 28.a3 Rb5 29.Ka2 Kf7
30.gxf4 e4 31.fxe4 Nxe4 32.Rc2 Rxb2+ 33.Rxb2 Nc3+ 34.Kb3 Nxd1 35.Rd2 Nxf2
36.Rxf2 Rc8 37.Rc2 Rxc2 38.Kxc2 Kg6 39.Nh4+ Kh5 40.Nf5 Bf8 41.h3 Kg6 42.Nh4+ Kf6
43.Kd3 Be7 44.Ke4 Bf8 45.Nf5 a6 46.Ng3 b5 47.h4 Be7 48.h5 Bf8 49.Kd3 Be7
50.Kc2 Bd8 51.Ne4+ Kf5 52.Nxd6+ Kxf4 53.Nf7 Bb6 54.d6 Kg4 55.Nxh6+ Kxh5 56.Nf5 Kg6
57.Ne7+ Kf7 58.Nd5 Bc5 59.d7 Be7 60.Nc7 Bd8  1/2-1/2

[Event "New York op"]
[Site "New York"]
[Date "1994.??.??"]
[Round "9"]
[White "Sokolin, Leonid M"]
[Black "Fishbein, Alexander"]
[Result "1/2-1/2"]
[WhiteElo "2450"]
[BlackElo "2525"]

1.d4 Nf6 2.c4 g6 3.Nc3 Bg7 4.e4 d6 5.Nf3 O-O 6.Be2 e5 7.Be3 c6 8.d5 Ng4 9.Bg5 f6
10.Bh4 Na6 11.Rb1 c5 12.Nd2 Nh6 13.f3 Qd7 14.O-O g5 15.Bf2 f5 16.a3 f4 17.b4 Rf6
18.bxc5 Nxc5 19.Nb3 b6 20.Nxc5 bxc5 21.Qa4 Qd8 22.Rb2 Rg6 23.h3 Nf7  1/2-1/2

[Event "Nice"]
[Site "Nice"]
[Date "1994.??.??"]
[Round "9"]
[White "Efimov, Igor"]
[Black "Touzane, Olivier"]
[Result "1-0"]
[WhiteElo "2465"]
[BlackElo "2330"]

1.d4 Nf6 2.Nf3 g6 3.c4 Bg7 4.Nc3 O-O 5.e4 d6 6.Be2 e5 7.d5 Na6 8.Bg5 Qe8
9.Nd2 Bd7 10.O-O h6 11.Be3 Nh7 12.Kh1 f5 13.exf5 gxf5 14.f4 exf4 15.Bxf4 Nf6
16.Nb3 Ng4 17.Qd2 Qg6 18.Rf3 Kh7 19.Raf1 Rae8 20.Bd1 Be5 21.Ne2 Nc5 22.Nxc5 dxc5
23.Bxe5 Rxe5 24.h3 Nf6 25.Bc2 Rg8 26.Nf4 Qg5 27.Qc3 Re2 28.g4 Ne4 29.Bxe4 Rxe4
30.Nh5 Rd4 31.Qe3 Qh4 32.Qe5 Rg6 33.gxf5 Qxh5 34.fxg6+ Kxg6  1-0

[Event "JUG-chT"]
[Site "Nis"]
[Date "1994.??.??"]
[Round "?"]
[White "Brajovic, Radovan"]
[Black "Georgiev, Krum"]
[Result "1-0"]
[WhiteElo "2300"]
[BlackElo "2470"]

1.d4 Nf6 2.Nf3 g6 3.c4 Bg7 4.Nc3 O-O 5.e4 d6 6.Be2 e5 7.Be3 Ng4 8.Bg5 f6
9.Bh4 Nc6 10.d5 Ne7 11.Nd2 Nh6 12.f3 c5 13.a3 f5 14.b4 b6 15.Qb3 Nf7 16.a4 cxb4
17.Qxb4 Nxd5 18.Nxd5 Qxh4+ 19.g3 Qd8 20.O-O Bh6 21.Rfd1 Be6 22.exf5 gxf5
23.Nf1 f4 24.a5 fxg3 25.hxg3 Rb8 26.axb6 axb6 27.Ra7 Kh8 28.Nc7 Bh3 29.Kh2 Bf5
30.Nb5 Bc2 31.Rd5 Qf6 32.Nxd6 Ng5 33.Ra3 Bg6 34.Re3 Ne6 35.Rexe5 Nf4 36.Qd2  1-0

[Event "JUG-chT"]
[Site "Nis"]
[Date "1994.??.??"]
[Round "?"]
[White "Simic, Radoslav"]
[Black "Zivkovic, Rajko"]
[Result "1-0"]
[WhiteElo "2495"]
[BlackElo "2245"]

1.d4 Nf6 2.Nf3 g6 3.c4 Bg7 4.Nc3 O-O 5.e4 d6 6.Be2 e5 7.d5 a5 8.Bg5 h6 9.Bh4 Qe8
10.Nd2 h5 11.Bg5 Na6 12.O-O Nh7 13.Be3 Bd7 14.Kh1 Nc5 15.Nb3 b6 16.Nxc5 bxc5
17.a4 Nf6 18.f3 Qc8 19.Qd2 Kh7 20.Nb5 Ng8 21.Bd3 Nh6 22.Qe1 Qb7 23.Bd2 Qb6
24.h3 f5 25.exf5 Bxf5 26.Be4 Bxe4 27.fxe4 Rxf1+ 28.Qxf1 c6 29.dxc6 Qxc6 30.Qd3 Ra6
31.Rf1 Ng8 32.Bg5 Rb6 33.b3 Rb7 34.Kh2 Qd7 35.Rf3 Rb6 36.Qd5 Nh6 37.Bxh6 Kxh6
38.Rf7 Qd8 39.Qd2+ Kh7 40.Nc7 Qc8 41.Qg5 Qg8 42.Rd7 Rb7 43.Qe7 Kh6 44.Rd8 Bf8
45.Rxf8 Rxc7 46.Qf6  1-0

[Event "NLD-ch op"]
[Site "?"]
[Date "1994.??.??"]
[Round "?"]
[White "Straat, Evert Jan"]
[Black "Nijboer, Friso"]
[Result "0-1"]
[WhiteElo "2235"]
[BlackElo "2510"]

1.d4 Nf6 2.c4 g6 3.Nc3 Bg7 4.e4 d6 5.Nf3 O-O 6.Be2 e5 7.Be3 Ng4 8.Bg5 f6
9.Bc1 Nc6 10.h3 Nh6 11.dxe5 dxe5 12.Be3 Nf7 13.Bc5 Re8 14.O-O b6 15.Be3 f5
16.Qxd8 Ncxd8 17.exf5 gxf5 18.Ng5 Nxg5 19.Bxg5 Ba6 20.Bh5 Nf7 21.Bxf7+ Kxf7
22.Nb5 Bxb5 23.cxb5 Bf8 24.Rac1 Bd6 25.f3 a6 26.bxa6 Rxa6 27.a3 Ra5 28.Be3 Rb5
29.b4 Ra8 30.Rc3 Rd5 31.Kf2 f4 32.Bc1 c5 33.Re1 cxb4 34.axb4 Bxb4 35.Rc7+ Kg6  0-1

[Event "NLD-chT9495"]
[Site "?"]
[Date "1994.??.??"]
[Round "3"]
[White "Krudde, Fitzgerald"]
[Black "Bosboom, Manuel"]
[Result "1/2-1/2"]
[WhiteElo "2255"]
[BlackElo "2395"]

1.d4 Nf6 2.Nf3 g6 3.c4 Bg7 4.Nc3 O-O 5.e4 d6 6.Be2 e5 7.O-O exd4 8.Nxd4 Re8
9.f3 Nh5 10.Be3 f5 11.Qd2 f4 12.Bf2 Be5 13.Rfd1 c6 14.b4 Qf6 15.Rac1 Ng7
16.Nb3 Ne6 17.c5 dxc5 18.Nxc5 Nxc5 19.Bxc5 Be6 20.b5 Nd7 21.Bd6 Red8 22.bxc6 bxc6
23.Bxe5 Nxe5 24.Qc2 Rxd1+ 25.Rxd1 Rd8 26.Rd2 Qe7 27.Na4 Rxd2 28.Qxd2 Qa3
29.Qd8+ Kg7 30.Qd4 Kf6 31.Qd8+ Kg7 32.Qd4 Kf6 33.Qd8+  1/2-1/2

[Event "NLD-chT9495"]
[Site "?"]
[Date "1994.??.??"]
[Round "6"]
[White "Van de Mortel, Jan"]
[Black "Blees, Albert"]
[Result "0-1"]
[WhiteElo "2315"]
[BlackElo "2420"]

1.d4 Nf6 2.Nf3 g6 3.c4 Bg7 4.Nc3 O-O 5.e4 d6 6.Be2 e5 7.O-O Na6 8.Rb1 exd4
9.Nxd4 Re8 10.f3 c6 11.Kh1 Nh5 12.g4 Nf6 13.Be3 Nc7 14.Qd2 Qe7 15.Nc2 Be6
16.Rfd1 Rad8 17.b4 a6 18.a4 h5 19.g5 Nd7 20.f4 a5 21.c5 dxc5 22.bxa5 Bxc3
23.Qxc3 Bg4 24.Bd3 Bf3+ 25.Kg1 Bxe4 26.Rxb7 Nd5 27.Qc4 Qe6 28.Bxe4 Qg4+ 29.Kf2 Qxd1
30.Bf3 Nxe3 31.Nxe3 Qd2+ 32.Qe2 Nf8 33.Bxc6 Re6 34.Bb5 Qc1  0-1

[Event "NLD-chT9495"]
[Site "?"]
[Date "1994.??.??"]
[Round "9"]
[White "Boersma, Paulus A"]
[Black "Kerkhoff, Leo J"]
[Result "1-0"]
[WhiteElo "2360"]
[BlackElo "2270"]

1.Nf3 Nf6 2.c4 g6 3.Nc3 Bg7 4.e4 d6 5.d4 O-O 6.Be2 c6 7.O-O e5 8.d5 c5 9.Bg5 h6
10.Bh4 a6 11.Nd2 Qe8 12.Rb1 Nh7 13.b4 cxb4 14.Rxb4 f5 15.exf5 gxf5 16.Bh5 Qd7
17.Na4 Qc7 18.Nb6 Ra7 19.f4 Qc5+ 20.Bf2 Qxb4 21.Nxc8 Rxc8 22.Bxa7 Nd7 23.Be3 b5
24.Bg6 bxc4 25.Bxf5 Nhf6 26.fxe5 dxe5 27.Ne4 Nxe4 28.Bxe4 c3 29.Qg4 Rf8  1-0

[Event "NLD-chT9495"]
[Site "?"]
[Date "1994.??.??"]
[Round "9"]
[White "Van Wely, Loek"]
[Black "Bosboom, Manuel"]
[Result "1-0"]
[WhiteElo "2570"]
[BlackElo "2395"]

1.d4 Nf6 2.c4 g6 3.Nc3 Bg7 4.e4 d6 5.Nf3 O-O 6.Be2 e5 7.O-O exd4 8.Nxd4 Re8
9.f3 c6 10.Nc2 d5 11.cxd5 cxd5 12.exd5 Qb6+ 13.Kh1 Bd7 14.Na3 Na6 15.Nc4 Qc5
16.Bf4 Nh5 17.Bd6 Qd4 18.g4 Qxd1 19.Bxd1 Bxc3 20.bxc3 Nf6 21.Ne5 Rad8 22.Nxd7 Rxd7
23.Ba3 Rxd5 24.Bb3 Ra5 25.Bd6 Nd5 26.Rfe1 Rd8 27.Bg3 Nxc3 28.Re7 Rf8 29.Be1 Rc5
30.Rxb7 Nb5 31.Bf2 Re5 32.Bg3 Rc5 33.Rd1 Nbc7 34.Rd7 Rc1+ 35.Kg2  1-0

[Event "NLD-sf"]
[Site "?"]
[Date "1994.??.??"]
[Round "1"]
[White "Rooda, K."]
[Black "Hendriks, Willy"]
[Result "1/2-1/2"]
[WhiteElo "2090"]
[BlackElo "2370"]

1.d4 g6 2.c4 Bg7 3.Nc3 d6 4.e4 Nf6 5.Nf3 O-O 6.Be2 Nbd7 7.O-O e5 8.dxe5 dxe5
9.Qc2 c6 10.Rd1 Qc7 11.h3 Nc5 12.Be3 Ne6 13.c5 Re8 14.Bc4 Bd7 15.Rd2 Rad8
16.Rad1 Nh5 17.Qa4 a6 18.Qb3 Bf6 19.Na4 Bc8 20.Nb6 Rxd2 21.Rxd2 Nhg7 22.g3 Rd8
23.Qd1 h5 24.Kg2 h4 25.Rxd8+ Nxd8 26.Nxc8 Qxc8 27.Qd6 Ne8 28.Qd3 hxg3 29.fxg3 Qc7
30.b4 Ng7 31.a4 Nde6 32.a5 Kf8 33.Bd2 Nd4 34.Bc3 Nxf3 35.Kxf3 Ne8 36.Kg2 Bd8
37.Qd2 Kg7 38.Be2 Qe7 39.Bg4 Nf6 40.Bf3 Bc7 41.Qd3 Qe6 42.Bd1 Qa2+ 43.Bc2 Nh7
44.Bd2 Nf8 45.Bb3 Qb2 46.Qc3 Qb1 47.Bc2 Qa2 48.Bb3 Qb1 49.Qf3 f6 50.h4 Nh7
51.Be6 Nf8 52.Bc8 Qb2 53.Qe3 Kf7 54.Kh3 Qb1 55.Kg2 Qb2 56.Kf3 Qb1 57.Ke2 Ne6
58.Bxb7 Nd4+ 59.Kf2 Qh1 60.Bxa6 Qh2+ 61.Kf1 Qh1+ 62.Kf2  1/2-1/2

[Event "NLD-sf"]
[Site "?"]
[Date "1994.??.??"]
[Round "8"]
[White "Hoeksema, Hendrik Pieter"]
[Black "Hendriks, Willy"]
[Result "0-1"]
[WhiteElo "2405"]
[BlackElo "2370"]

1.d4 Nf6 2.Nf3 g6 3.c4 Bg7 4.Nc3 d6 5.e4 O-O 6.Be2 Nbd7 7.O-O e5 8.Be3 c6
9.d5 Ng4 10.Bg5 f6 11.Bd2 Qe7 12.Ne1 Nh6 13.Nd3 f5 14.f3 Nf6 15.Qc1 Nf7 16.b4 cxd5
17.cxd5 Bd7 18.Qa3 Bh6 19.Qc1 Bxd2 20.Qxd2 Qd8 21.Nf2 Qb6 22.Rab1 Rac8 23.Bd3 Nh5
24.Ne2 h6 25.Kh1 f4 26.a4 Bxa4 27.b5 Qe3 28.Qb2 Bc2 29.Bxc2 Qxe2 30.Bd3 Qe3
31.Rfe1 Qb6 32.Qa2 Nf6 33.Ra1 Ra8 34.Nd1 Rfc8 35.Nb2 Nd7 36.Nc4 Qd8 37.Qf2 Nc5
38.Bf1 a6 39.bxa6 Rxa6 40.Rab1 Rca8 41.Rec1 Ra2 42.Qg1 Rc8 43.Rb5 Kg7 44.Rcb1 h5
45.Rc1 g5 46.Rb2 Rxb2 47.Nxb2 Nb3 48.Rxc8 Qxc8 49.Bc4 Nd4 50.Qf1 Qc5  0-1

[Event "NOR-ch"]
[Site "?"]
[Date "1994.??.??"]
[Round "2"]
[White "Tisdall, Jonathan D"]
[Black "Djurhuus, Rune"]
[Result "0-1"]
[WhiteElo "2540"]
[BlackElo "2460"]

1.d4 Nf6 2.c4 g6 3.Nc3 Bg7 4.e4 d6 5.Nf3 O-O 6.Be2 e5 7.Be3 Nc6 8.d5 Ne7
9.Nd2 c5 10.g4 Ne8 11.h4 f5 12.f3 Nf6 13.Rg1 Kh8 14.Nf1 Bd7 15.Qd2 fxg4 16.fxg4 a6
17.h5 Rf7 18.hxg6 Nxg6 19.g5 Ng8 20.Ng3 Nf4 21.Nh5 Ne7 22.Bxf4 exf4 23.Nxg7 Kxg7
24.Bh5 Ng6 25.Bxg6 hxg6 26.O-O-O Qe7 27.e5 Qxe5 28.Rge1 Qd4 29.Qxd4+ cxd4
30.Ne4 f3 31.Nxd6 f2 32.Rf1 Rf4 33.Nxb7 Bh3 34.d6 Rc8 35.c5 Rf7 36.Rh1 f1=Q
37.Rhxf1 Bxf1 38.Rxd4 Rxb7  0-1

[Event "NOR-ch"]
[Site "?"]
[Date "1994.??.??"]
[Round "7"]
[White "Fyllingen, Roy Harald"]
[Black "Djurhuus, Rune"]
[Result "1-0"]
[WhiteElo "2330"]
[BlackElo "2460"]

1.d4 Nf6 2.c4 g6 3.Nc3 Bg7 4.e4 d6 5.Be2 O-O 6.Nf3 e5 7.d5 a5 8.Bg5 h6 9.Bh4 Na6
10.Nd2 Qe8 11.O-O Nh7 12.b3 Bd7 13.Qc2 f5 14.f3 h5 15.Bf2 Bh6 16.a3 Bxd2
17.Qxd2 f4 18.b4 g5 19.c5 axb4 20.axb4 Nxb4 21.Qb2 dxc5 22.Bxc5 Rxa1 23.Rxa1 Na6
24.Bxf8 Qxf8 25.Qxb7 Qc5+ 26.Kh1 Qxc3 27.Qxa6 Kf7 28.Qa3 Qxa3 29.Rxa3 Nf6
30.Ra7 Ne8 31.Kg1 Ke7 32.Kf2 Kf6 33.Bd1 Ke7 34.Ba4 Bxa4 35.Rxa4 h4 36.Ra6 Nd6
37.Rc6 Kd7 38.g3 h3 39.gxf4 exf4 40.e5 Nf5 41.Rg6 Ne3 42.Rg7+ Kd8 43.e6  1-0

[Event "NOR-chT east"]
[Site "NOR"]
[Date "1994.??.??"]
[Round "8"]
[White "Tisdall, Jonathan D"]
[Black "Djurhuus, Rune"]
[Result "0-1"]
[WhiteElo "2465"]
[BlackElo "2460"]

1.d4 Nf6 2.c4 g6 3.Nc3 Bg7 4.e4 d6 5.Be2 O-O 6.Nf3 e5 7.Be3 Nc6 8.d5 Ne7
9.Nd2 Ne8 10.f3 c5 11.dxc6 bxc6 12.Nb3 Nc7 13.Qd2 d5 14.cxd5 cxd5 15.exd5 Nexd5
16.Bg5 f6 17.Nxd5 Qxd5 18.Rc1 Qxd2+ 19.Bxd2 Nd5 20.O-O Be6 21.Nc5 Bf7 22.Rfd1 a5
23.Bb5 Rfc8 24.Nd7 Rd8 25.Rc5 Ra7 26.Ba4 Be6 27.Rxa5 Rdxd7 28.Bxd7 Rxd7 29.Be1 f5
30.b4 e4 31.Ra6 Kf7 32.fxe4 fxe4 33.Bh4 Nxb4 34.Rf1+ Bf5 35.Ra4 Bd4+ 36.Kh1 Nc2
37.h3 h5  0-1

[Event "BCF-ch"]
[Site "Norwich"]
[Date "1994.??.??"]
[Round "2"]
[White "Lawton, Geoffrey W"]
[Black "Hennigan, Michael"]
[Result "0-1"]
[WhiteElo "2375"]
[BlackElo "2440"]

1.d4 Nf6 2.c4 g6 3.Nc3 Bg7 4.e4 d6 5.Be2 O-O 6.Nf3 e5 7.d5 a5 8.Bg5 h6 9.Bh4 Na6
10.O-O Bd7 11.a3 Qe8 12.b3 Nh5 13.Ne1 Nf4 14.Nd3 g5 15.Bg3 f5 16.f3 Qg6 17.Bf2 g4
18.fxg4 fxe4 19.Ne1 Nxe2+ 20.Qxe2 Bxg4 21.Qd2 h5 22.Nc2 Bh3 23.Be3 Nc5 24.Bxc5 dxc5
25.Kh1 Bh6 26.Qe2 Bg4 27.Qe1 Rxf1+ 28.Qxf1 e3 29.Ra2 Rf8 30.Qe1 Qd3  0-1

[Event "BCF-ch"]
[Site "Norwich"]
[Date "1994.??.??"]
[Round "7"]
[White "Lawton, Geoffrey W"]
[Black "Hebden, Mark"]
[Result "1/2-1/2"]
[WhiteElo "2375"]
[BlackElo "2530"]

1.d4 Nf6 2.c4 g6 3.Nc3 Bg7 4.e4 d6 5.Be2 O-O 6.Nf3 e5 7.d5 Na6 8.Nd2 c6 9.Nb3 cxd5
10.cxd5 Bd7 11.Be3 Nc7 12.Nd2 h5 13.Bg5 b5 14.a3 a5 15.b4 a4 16.Rc1 Qe8 17.h3 Rc8
18.Be3 Nh7 19.h4 Na8 20.Nf1 f5 21.exf5 gxf5 22.Bxh5 Qe7 23.Bg6 f4 24.Bd2 e4
25.Nxe4 Nf6 26.Qe2 Nxd5 27.Rxc8 Rxc8 28.Nh2 Nab6 29.O-O Qxh4 30.Nxd6 Rf8
31.Be8 Bxe8 32.Nxe8 Qe7 33.Qxe7 Nxe7 34.Nxg7 Kxg7 35.Bc3+ Kg8 36.Bd4 Nc4
37.Bc5 Rf7 38.Ng4 Nf5 39.Re1 Nxa3 40.Re8+ Kg7 41.Ne5 Rf6 42.Nd3 Nc2 43.Nxf4 Ra6
44.Re2 Nfd4 45.Rd2 a3 46.Bxd4+ Nxd4 47.Ra2 Nc6 48.Nd3 Ne7 49.Kf1 Nd5 50.Ke1 Kf6
51.Kd2 Kf5 52.f3 Ra7 53.g3 Ra8 54.Ra1 a2 55.Nc1 Nxb4 56.Kc3 Nd5+ 57.Kd4 Nb4
58.Kc5 Nc2 59.Rxa2 Rc8+ 60.Kb6 Nd4 61.Ne2 Nxe2 62.Rxe2 Rc3 63.Kxb5 Rxf3 64.Rg2 Kg4
65.Rg1 Rxg3 66.Rxg3+  1/2-1/2

[Event "SLO-ch"]
[Site "Nova Gorica"]
[Date "1994.??.??"]
[Round "?"]
[White "Jelen, Igor"]
[Black "Slak, Marjan"]
[Result "1-0"]
[WhiteElo "2385"]
[BlackElo "2250"]

1.d4 Nf6 2.c4 g6 3.Nc3 Bg7 4.e4 d6 5.Nf3 O-O 6.Be2 Nbd7 7.O-O e5 8.Re1 exd4
9.Nxd4 Re8 10.Bf1 Nc5 11.f3 a5 12.Ndb5 Nh5 13.g4 Nf6 14.Bg5 h6 15.Bh4 g5
16.Bg3 Ncd7 17.Be2 Ne5 18.c5 Bd7 19.cxd6 cxd6 20.Nxd6 Re6 21.Nc4 Nxc4 22.Bxc4 Qb6+
23.Bf2 Qxb2 24.Bxe6 Bxe6 25.Bd4 Rd8 26.Nd5 Qxd4+ 27.Qxd4 Nxd5 28.Qd3 Bf6
29.exd5 Rxd5 30.Qc2 Bd4+ 31.Kg2 Rc5 32.Qd3 Bg7 33.Rxe6 Bxa1 34.Rxh6 Kg7 35.Rb6  1-0

[Event "Oakham"]
[Site "Oakham"]
[Date "1994.??.??"]
[Round "1"]
[White "Rossiter, Philip J"]
[Black "Howell, James C"]
[Result "0-1"]
[WhiteElo "2400"]
[BlackElo "2495"]

1.d4 Nf6 2.c4 g6 3.Nc3 Bg7 4.e4 d6 5.Nf3 O-O 6.Be2 e5 7.Be3 Ng4 8.Bg5 f6
9.Bc1 Nc6 10.d5 Ne7 11.O-O f5 12.Ng5 Nf6 13.exf5 gxf5 14.f4 e4 15.Be3 h6
16.Nh3 c6 17.dxc6 bxc6 18.Qd2 Be6 19.Rfd1 d5 20.Rac1 dxc4 21.Bc5 Qxd2 22.Rxd2 Kf7
23.Nd1 Rfd8 24.Rdc2 Ng4 25.Nhf2 Nxf2 26.Bxf2 Nd5 27.Bxc4 Nxf4 28.Bxe6+ Kxe6
29.Ne3 c5 30.g4 fxg4 31.Rf1 Bd4 32.Kh1 h5 33.b4 Nd3 34.Bg1 Nxb4 35.Re2 Rf8
36.Rb1 Rab8 37.Nc4 Kd5 38.Ne3+ Ke6 39.Nd1 Ke5 40.Nf2 Bxf2 41.Bxf2 Kd5 42.Bg3 Rb6
43.Bc7 Rbf6  0-1

[Event "Oakham"]
[Site "Oakham"]
[Date "1994.??.??"]
[Round "9"]
[White "Rossiter, Philip J"]
[Black "Hansen, Soren Bech"]
[Result "1/2-1/2"]
[WhiteElo "2400"]
[BlackElo "2300"]

1.d4 Nf6 2.c4 g6 3.Nc3 Bg7 4.e4 d6 5.Nf3 O-O 6.Be2 Na6 7.O-O e5 8.d5 Nc5
9.Qc2 a5 10.Bg5 h6 11.Be3 b6 12.Nd2 Bg4 13.f3 Bd7 14.b3 Nh5 15.Rfe1 Nf4 16.Bf1 f5
17.a3 fxe4 18.Ncxe4 Nxe4 19.Nxe4 g5 20.h3 Qe8 21.Ra2 Qg6 22.g4 Rf7 23.Qb1 Raf8
24.Rh2 h5 25.Bd2 Bh8 26.Ng3 Qh6 27.Qd1 Qf6 28.Re4 hxg4 29.hxg4 Rh7 30.Rxh7 Kxh7
31.Bxf4 gxf4 32.Bd3 Kg8 33.Nh5 Qg5 34.Re2 Kf7 35.Rg2 Ke7 36.Be4 Rg8 37.Qd3 Be8
38.Bh7 Bxh5 39.Bxg8 Bg6 40.Qd2 e4 41.Rh2 Qe5 42.Qe1 Qd4+ 43.Kh1 Be5 44.Bh7 Qd3
45.Bxg6 Qxf3+ 46.Rg2 Qh3+ 47.Rh2 Qf3+ 48.Rg2 Qh3+  1/2-1/2

[Event "AUT-ch U20"]
[Site "Oberwart"]
[Date "1994.??.??"]
[Round "?"]
[White "Schweda, Roland"]
[Black "Boehm, Hermann"]
[Result "1-0"]
[WhiteElo "2315"]
[BlackElo "2225"]

1.e4 g6 2.d4 Bg7 3.c4 d6 4.Nc3 Nf6 5.Be2 O-O 6.Nf3 e5 7.d5 Nbd7 8.Bg5 h6
9.Bh4 a5 10.Nd2 Nc5 11.Rb1 Bd7 12.Qc2 Qc8 13.b3 Nh7 14.f3 f5 15.a3 Nf6 16.b4 axb4
17.axb4 Na4 18.Bf2 Nxc3 19.Qxc3 Ra2 20.c5 fxe4 21.Bc4 Rxd2 22.Qxd2 exf3 23.gxf3 e4
24.Rb3 exf3 25.Rxf3 Ne4 26.Rxf8+ Qxf8 27.Qe3 Bc3+ 28.Kf1 Qxf2+ 29.Qxf2 Nxf2
30.c6 Bc8 31.Kxf2 Bxb4 32.Ra1 Bc5+ 33.Kg3 Kg7 34.Ra8 bxc6 35.Rxc8 cxd5 36.Rxc7+ Kf6
37.Bxd5 Bd4 38.Kf3 Kf5 39.Be4+ Kf6 40.Rb7 Kg5 41.Re7 Be5 42.h3 Kf6 43.Re8 Kf7
44.Ra8 Bd4 45.Ra2 Kf6 46.Rg2 g5 47.Kg4 Be3 48.Re2 Bf4 49.Bd5 Be5 50.Kh5 Kg7
51.Ra2 Bf4 52.Ra8 Kf6 53.Re8 Kf5 54.Re6  1-0

[Event "Oberwart op"]
[Site "Oberwart"]
[Date "1994.??.??"]
[Round "4"]
[White "Timoshchenko, Gennadi A"]
[Black "Van de Mortel, Jan"]
[Result "1-0"]
[WhiteElo "2515"]
[BlackElo "2335"]

1.d4 Nf6 2.c4 g6 3.Nc3 Bg7 4.e4 d6 5.Nf3 O-O 6.Be2 e5 7.Be3 c6 8.d5 Ng4 9.Bg5 f6
10.Bh4 h5 11.Nd2 Na6 12.Rb1 c5 13.a3 b6 14.b4 Nh6 15.f3 g5 16.Bf2 f5 17.exf5 g4
18.Nde4 Bxf5 19.Qa4 Nb8 20.bxc5 bxc5 21.O-O a6 22.Rb2 Qe7 23.fxg4 Nxg4 24.Bxg4 hxg4
25.Rb6 Bxe4 26.Nxe4 Rf4 27.Qc2 Nd7 28.Rxd6 Raf8 29.Re6 Qd8 30.Rd1 R8f7 31.Be3 Nf8
32.Rc6 Qe7 33.Bxc5  1-0

[Event "Oberwart op"]
[Site "Oberwart"]
[Date "1994.??.??"]
[Round "7"]
[White "Van de Mortel, Jan"]
[Black "Poluljahov, Aleksandr"]
[Result "0-1"]
[WhiteElo "2335"]
[BlackElo "2485"]

1.d4 Nf6 2.Nf3 d6 3.c4 g6 4.Nc3 Bg7 5.e4 O-O 6.Be2 e5 7.O-O exd4 8.Nxd4 Re8
9.f3 Nh5 10.Be3 f5 11.Qd2 f4 12.Bf2 Be5 13.Rfd1 Na6 14.Rac1 Qf6 15.Ndb5 Be6
16.Na4 Ng3 17.hxg3 fxg3 18.Be3 Qh4 19.c5 Bf4 20.Bc4 Qh2+ 21.Kf1 Qh1+ 22.Ke2 Qxg2+
23.Kd3 Qxf3 24.Qe2 Qxe4+ 25.Kxe4 Bxc4+ 26.Kxf4 Bxe2 27.Nac3 g5+ 28.Kxg5 Rxe3
29.Nxe2 Rxe2 30.cxd6 Re5+ 31.Kf4 Rxb5 32.dxc7 Nxc7 33.Rxc7 g2 34.Rc2 Rf8+
35.Kg4 Rf6 36.Rxg2 Rg6+ 37.Kf3 Rxg2 38.Kxg2 Rxb2+ 39.Kg3 a6 40.a4 b6 41.Rd6 a5
42.Kg4 h5+ 43.Kxh5 Kf7 44.Kg5 Ke7 45.Rh6 Kd7 46.Kf5 Ke7 47.Ke5 Rb4 48.Kd5 Rxa4
49.Rh7+ Kd8 50.Kd6 Rd4+ 51.Kc6 Rb4 52.Kd6 Ke8 53.Ke6 Kf8 54.Kf6 Rf4+ 55.Ke5 Rb4
56.Kf6 Rf4+ 57.Ke5 Kg8 58.Rb7 Rb4 59.Kf6 a4 60.Ra7 b5 61.Rg7+ Kf8 62.Ra7 Rf4+
63.Kg5 Rf1 64.Ra5 Rb1 65.Kf6 Ke8 66.Ra7 Kd8  0-1